Death in the midst of life social and cultural influences on death, grief, and mourning
Saved in:
| Main Author: | |
|---|---|
| Format: | Book |
| Language: | English |
| Published: |
Prentice Hall,
1988
|
| Tags: |
Add Tag
No Tags, Be the first to tag this record!
|
MARC
| LEADER | 00000nam a22000007a 4500 | ||
|---|---|---|---|
| 008 | 201218b ||||| |||| 00| 0 eng d | ||
| 020 | |a : 0-13-197708-3 | ||
| 100 | |a KAMERMAN, Jack B | ||
| 245 | |a Death in the midst of life |b social and cultural influences on death, grief, and mourning |c Jack B. Kamerman. | ||
| 260 | |b Prentice Hall, |c 1988 |d Books |h New Jersey |i 687129 |l HQ1073.5 .U6K12 |m Death – Social aspects – United States. |m Grief. | ||
| 500 | |a “It includes index”. | ||
| 942 | |a lcc |c BK |e Adekanye I. H. |f 18/12/2020 | ||
| 952 | |0 0 |1 0 |2 lcc |4 0 |6 HQ10735 U6 K12 |7 0 |9 865 |a HOL |b HOL |c GJ |d 2020-12-18 |l 0 |o HQ1073.5 .U6K12 |p 2020-230080 |r 2020-12-18 00:00:00 |w 2020-12-18 |y BK | ||
| 999 | |c 479 |d 479 | ||